000 00688nam a2200253Ia 4500
003 OSt
005 20221005114129.0
006 a|||||r|||| 00| 0
007 ta
008 221004b |||||||| |||| 00| 0 mal d
024 _a57614
037 _cTextual
040 _aCRL
_cCRL
_bmal
041 _2mal
_amal
082 _aO35,3NSU6,18, M0
100 _aSulochanarani Yaddanapudi
_9203403
245 0 _aAndhra yuvakudai dari itu
260 _c1980
300 _a176p.
_ccm.
650 _a MALAYALAM LITERATURE
_938866
650 _aMALAYALAM FICTION
_9183428
942 _hO35,3NSU6,18, M0
_cTEXL
_2cc
999 _c1030325
_d1030325